01671nam a2200373 a 4500001001000000003000500010005001700015008004100032010001100073011001100084040000900095090001000104100004300114245018500157260004100342500006000383502007900443590004100522590004100563590004000604590004000644590004000684650005600724650005500780650003500835650003900870856007000909901000700979942001000986942000600996999001901002952013601021952014001157000112809CHAP20220329144322.0161201s2016 mx a fsm |||||||spa d a109270 a110242 cCHAP aTesis1 aLuciano Valadez, Rosa Blanca 913130610aAplicación de ácidos húmicos y fúlvicos en el rendimiento y calidad de fruto de chile manzano (Capsicum pubescens R. y P.) /h[En línea]cpor Rosa Blanca Luciano Valadez. aChapingo, Méx. :bEl autor,c2016. aPara ver el contenido del material haga clic en la liga aTesis (Agr. en Horticultura Protegida) -- UACH. Departamento de Fitotecnia aBATCH-UPDb05c20170124lUCH01h1449 aE11695DGDb10c20170127lUCH01h1502 aE6096MTMb05c20170124lUCH01h1448 aE8697GMMb05c20161201lUCH01h1143 aE8697GMMb05c20161201lUCH01h120914aÁcido fúlvicoxEfecto en chile manzano.913138014aÁcido húmicoxEfecto en chile manzano.913137914aChile manzanoxCalidad.92244614aChile manzanoxRendimiento.922465 aFinding aiduhttp://10.13.5.2/tesis/sist112809.pdfzTeclea aquí aBK cTESIS n0 c109270d109270 00104054718TESISaBCbBCd2016-12-01fTESISl0oTesisp33724002529983r2019-12-31 00:00:00w2019-12-31yTESISzRecien adquirido 00102local4053708TESISaBCbBCcPA_TESISd2016-12-01fTESISl0oTesisp33724002530025r2019-12-31 00:00:00tc.2w2019-12-31yTESIS